Lịch sử các chế độ báo chí ở Việt Nam T.2

Nghiên cứu lịch sử báo chí trong giai đoạn sau cách mạng tháng Tám (1945 - 1946), báo chí cách mạng ở vùng tự do thời kháng chiến chống Pháp (1945-1954), chế độ báo chí ở vùng tạm chiến thời Nam Kỳ tự trị (1946-1948) và Quốc gia Việt Nam (1948-195...

Cijeli opis

Spremljeno u:
Bibliografski detalji
Glavni autor: Phan, Đăng Thanh
Daljnji autori: Trương, Thị Hòa
Format: Knjiga
Jezik:Undetermined
Izdano: Tp. Hồ Chí Minh Tổng hợp Tp. Hồ Chí Minh 2019
Teme:
Online pristup:http://lrc.tdmu.edu.vn/opac/search/detail.asp?aID=2&ID=41354
Oznake: Dodaj oznaku
Bez oznaka, Budi prvi tko označuje ovaj zapis!
Thư viện lưu trữ: Trung tâm Học liệu Trường Đại học Thủ Dầu Một
LEADER 01322nam a2200241Ia 4500
001 TDMU_41354
008 210410s9999 xx 000 0 und d
082 |a 381.142 
090 |b PH105 
100 |a Phan, Đăng Thanh 
245 0 |a Lịch sử các chế độ báo chí ở Việt Nam 
245 0 |c Phan Đăng Thanh, Trương Thị Hòa 
245 0 |n T.2 
245 0 |p Sau cách mạng tháng Tám 1945 đến nay 
260 |a Tp. Hồ Chí Minh 
260 |b Tổng hợp Tp. Hồ Chí Minh 
260 |c 2019 
300 |a 540tr. 
520 |a Nghiên cứu lịch sử báo chí trong giai đoạn sau cách mạng tháng Tám (1945 - 1946), báo chí cách mạng ở vùng tự do thời kháng chiến chống Pháp (1945-1954), chế độ báo chí ở vùng tạm chiến thời Nam Kỳ tự trị (1946-1948) và Quốc gia Việt Nam (1948-1955), chế độ báo chí ở miền Nam thời Việt Nam Cộng hoà (1955-1975), và từ năm 1954 đến nay 
650 |a Báo chí  |x Lịch sử  |z Việt Nam 
700 |a Trương, Thị Hòa 
856 |u http://lrc.tdmu.edu.vn/opac/search/detail.asp?aID=2&ID=41354 
980 |a Trung tâm Học liệu Trường Đại học Thủ Dầu Một